Online
Catalog

Pedro Figari, americano integral / (Record no. 6749)

MARC details
000 -CABECERA
campo de control de longitud fija 00637cam a2200181 a 4500
001 - NÚMERO DE CONTROL
campo de control 000006965
005 - FECHA Y HORA DE LA ÚLTIMA TRANSACCIÓN
campo de control 20200929154031.0
008 - DATOS DE LONGITUD FIJA--INFORMACIÓN GENERAL
campo de control de longitud fija 760827s1975 uy 000 0bspa d
040 ## - FUENTE DE LA CATALOGACIÓN
Centro catalogador/agencia de origen DO-SdBNP
Lengua de catalogación spa
Centro/agencia transcriptor BNPHU
050 00 - SIGNATURA TOPOGRÁFICA DE LA BIBLIOTECA DEL CONGRESO
Número de clasificación N6729.F53
Número de documento/Ítem A63
082 ## - NÚMERO DE LA CLASIFICACIÓN DECIMAL DEWEY
Número de clasificación xx
Número de documento/Ítem A534p
100 1# - ENTRADA PRINCIPAL--NOMBRE DE PERSONA
Nombre de persona Anastasia, Luis V.
9 (RLIN) 19354
245 10 - MENCIÓN DE TÍTULO
Título Pedro Figari, americano integral /
Mención de responsabilidad, etc. Luis V. Anastasia.
260 ## - PUBLICACIÓN, DISTRIBUCIÓN, ETC.
Lugar de publicación, distribución, etc. Montevideo :
Nombre del editor, distribuidor, etc. Comisión Nacional de Homenaje del Sesquicentenario de los Hechos Históricos de 1825 ;
-- Montevideo,
Fecha de publicación, distribución, etc. 1975.
300 ## - DESCRIPCIÓN FÍSICA
Extensión 241 p. ;
Dimensiones 25 cm.
600 10 - PUNTO DE ACCESO ADICIONAL DE MATERIA--NOMBRE DE PERSONA
Nombre de persona Figari, Pedro,
Fechas asociadas al nombre 1861-1938.
9 (RLIN) 16327
650 #0 - PUNTO DE ACCESO ADICIONAL DE MATERIA--TÉRMINO DE MATERIA
Término de materia o nombre geográfico como elemento de entrada Artists
Subdivisión geográfica Uruguay
Subdivisión general Biography.
9 (RLIN) 19355
Holdings
Estado de retiro Estado de pérdida Restricciones de uso No para préstamo Código de colección Localización permanente Ubicación/localización actual Ubicación en estantería Fecha de adquisición Número de inventario Total de préstamos Signatura topográfica completa Código de barras Fecha visto por última vez Precio válido a partir de Tipo de ítem Koha
    Préstamo interno   Monografías: Libros y Folletos General General En catalogación 03.09.2009 LF1   xx A534p 6965-10 25.06.2020 25.06.2020 Préstamo interno

Powered by Koha